Library Logo

Pioneer International University Library Catalogue

COMPUTERISED ACCOUNTS (Record no. 6557)

MARC details
000 -LEADER
fixed length control field 00276nam a22000977a 4500
005 - DATE AND TIME OF LATEST TRANSACTION
control field 20250901165613.0
008 - FIXED-LENGTH DATA ELEMENTS--GENERAL INFORMATION
fixed length control field 240321b |||||||| |||| 00| 0 eng d
050 ## - LIBRARY OF CONGRESS CALL NUMBER
Classification number HF5679.B37 1992
245 ## - TITLE STATEMENT
Title COMPUTERISED ACCOUNTS
Statement of responsibility, etc. Bassett, P.H.
942 ## - ADDED ENTRY ELEMENTS (KOHA)
Source of classification or shelving scheme Library of Congress Classification
Classification part HF5679.B37 1992
Holdings
Withdrawn status Lost status Source of classification or shelving scheme Damaged status Not for loan Home library Current library Shelving location Date acquired Total checkouts Full call number Barcode Date last seen Price effective from Koha item type
    Library of Congress Classification     Main Library Main Library   03/21/2024   HF5679.B37 1992 PIUD0000099 03/21/2024 03/21/2024 Books